• 首页
  • 本馆介绍
  • 公告通知
  • 最新文献
  • 馆藏检索
  • 电子资源
  • 读者导购
  • 参考咨询
  • 我的图书馆
  • 登录
  • 详细信息显示
  • 放入我的书架
  • 预约/预借图书
  • 作者相关作品
  • 分类相关作品
  • 丛书相关作品
  • 出版社相关作品

书目信息

  • 表格格式
  • 工作单格式
  • 卡片格式
题名:
土壤环境科学与工程
    
 
作者: 赵烨 编著
分册:  
出版信息: 北京   北京师范大学出版社  2012
页数: 570页, [4] 页图版
开本: 23cm
丛书名:
单 册:
中图分类: X144
科图分类:
主题词: 环境土壤学
电子资源:
ISBN: 978-7-303-14158-6
000 00868nam0 2200241 450
001 012015000693
005 20150911082652.45
010    @a978-7-303-14158-6@dCNY55.00
100    @a20130219d2012 em y0chiy50 ea
101 0  @achi@eeng
102    @aCN@b110000
105    @aabfka 000yy
106    @ar
200 1  @a土壤环境科学与工程@Atu rang huan jing ke xue yu gong cheng@dSoil environmental science & engineering@f赵烨等编著@zeng
210    @a北京@c北京师范大学出版社@d2012
215    @a570页, [4] 页图版@c图, 地图@d23cm
330    @a本书共分为十六部分, 主要内容包括: 绪论 ; 土壤矿物 ; 土壤生物及有机质 ; 土壤溶液及其诊断特性 ; 土壤空气及其诊断特性等。
510 1  @aSoil environmental science & engineering@zeng
606 0  @a环境土壤学
690    @aX144@v5
701  0 @a赵烨@Azhao ye@4编著
801  0 @aCN@b碧洲教育@c20150718
905    @a10447@f4@dX144@e208
    
    土壤环境科学与工程=Soil environmental science & engineering/赵烨等编著.-北京:北京师范大学出版社,2012
    570页, [4] 页图版:图, 地图;23cm
    
    
    ISBN 978-7-303-14158-6:CNY55.00
    本书共分为十六部分, 主要内容包括: 绪论 ; 土壤矿物 ; 土壤生物及有机质 ; 土壤溶液及其诊断特性 ; 土壤空气及其诊断特性等。
●
相关链接 在E读中查询图书 在五车中查询图书 在当当中查询图书 在豆瓣中查询图书


正题名:土壤环境科学与工程     索取号:X144/208         预约/预借

序号 登录号 条形码 馆藏地/架位号 状态 备注
1 0848409   208484095   第二样本阅览室/ [索取号:X144/208] 在馆    
2 0848410   208484102   第三借阅区/ [索取号:X144/208] 在馆    
3 0848411   208484111   第三借阅区/ [索取号:X144/208] 在馆    
4 0848412   208484120   密集书库-生命科学系/ [索取号:X144/208] 在馆    
唐山师范学院图书馆 欢迎您!
大连网信软件有限公司© 版权所有